| 000 | 01610nam a2200385 a 4500 | ||
|---|---|---|---|
| 001 | ebr10194777 | ||
| 003 | CaPaEBR | ||
| 006 | m u | ||
| 007 | cr cn||||||||| | ||
| 008 | 060724s2007 enkaf sb 001 0 eng | ||
| 010 | _z 2006024260 | ||
| 020 | _z9780199277551 (alk. paper) | ||
| 020 | _z0199277559 (alk. paper) | ||
| 040 |
_aCaPaEBR _cCaPaEBR |
||
| 035 | _a(OCoLC)420935940 | ||
| 043 | _amm----- | ||
| 050 | 1 | 4 |
_aSF951 _b.M125 2007eb |
| 082 | 0 | 4 |
_a636.1/089 _222 |
| 100 | 1 | _aMcCabe, Anne Elena. | |
| 245 | 1 | 2 |
_aA Byzantine encyclopaedia of horse medicine _h[electronic resource] : _bthe sources, compilation, and transmission of the Hippiatrica / _cAnne McCabe. |
| 260 |
_aOxford ; _aNew York : _bOxford University Press, _c2007. |
||
| 300 |
_axii, 347 p., [24] p. of plates : _bcol. ill. |
||
| 490 | 1 | _aOxford studies in Byzantium | |
| 504 | _aIncludes bibliographical references (p. [303]-322) and index. | ||
| 533 |
_aElectronic reproduction. _bPalo Alto, Calif. : _cebrary, _d2013. _nAvailable via World Wide Web. _nAccess may be limited to ebrary affiliated libraries. |
||
| 600 | 0 | 0 | _aHippocrates. |
| 650 | 0 |
_aHorses _xDiseases _vEarly works to 1800. |
|
| 650 | 0 |
_aVeterinary medicine _vEarly works to 1800. |
|
| 650 | 0 |
_aVeterinary medicine _zByzantine Empire _vEarly works to 1800. |
|
| 650 | 0 | _aMedicine, Greek and Roman. | |
| 655 | 7 |
_aElectronic books. _2local |
|
| 710 | 2 | _aebrary, Inc. | |
| 830 | 0 | _aOxford studies in Byzantium. | |
| 856 | 4 | 0 |
_uhttp://site.ebrary.com/lib/rucke/Doc?id=10194777 _zAn electronic book accessible through the World Wide Web; click to view |
| 999 |
_c114134 _d114134 |
||